00446nam a2200145Ia 450000500170000000800410001710000150005824500510007326000140012430000110013865000100014994200080015999900170016795201160018420260328104311.0260328s9999||||xx |||||||||||||| ||und|| aHall, John 0aIncas :b Lords of Gold and Glory /cJohn Hall bTime Life a164 p. aINCAS cREF c10980d10980 001040708REFaGPCbGPCcREFd2026-03-28i5224l0oR 709 H 1401p5224r2026-03-28 15:43:11t1w2026-03-28yBK